000 01091cam a2200289 i 4500
001 16170
003 DO-SdUEMH
005 20260114201855.0
007 ta
008 211105s2006||||dr a|||gr|||| 000 0 spa|d
040 _aDO-SdUEMH
_bspa
_erda
041 _aspa
082 1 4 _mRD
_aRD307.76729381 R426H
_bR426h
084 _b10-00176
100 _aCorral, Julio C.
_eaut
245 1 0 _aLineamientos de políticos de desarrollo urbano para la ciudad de Hato Mayor del Rey /
_cJulio C. Corral, Daritza Nicodemo
260 _c2006
264 0 1 _aSantiago de los Caballeros :
_bCEUR/PUCMM,
_c2006
300 _a247 páginas :
_bilustraciones ;
_c27 cm.
336 _2rdacontent
_atexto
_btxt
337 _2rdamedia
_asin mediación
_bn
338 _2rdacarrier
_avolumen
_bnc
504 _aBibliografías en paginas 238-239-240-241-242
505 2 _aLa ciudad de Hato Mayor del Rey en el contexto subregional -- Caracterización de la ciudad de Hato Mayor del Rey -- Perfil, escenarios, propuestas y lineamientos de políticas -- Bibliografía -- Anexos.
942 _2ddc
_cBK
_n0
999 _c16170
_d16170